<?xml version="1.0" encoding="UTF-8"?><?xml-stylesheet type="text/xsl" href="static/style.xsl"?><OAI-PMH xmlns="http://www.openarchives.org/OAI/2.0/" xmlns:xsi="http://www.w3.org/2001/XMLSchema-instance" xsi:schemaLocation="http://www.openarchives.org/OAI/2.0/ http://www.openarchives.org/OAI/2.0/OAI-PMH.xsd"><responseDate>2026-04-17T18:43:58Z</responseDate><request verb="GetRecord" identifier="oai:www.recercat.cat:10230/46979" metadataPrefix="marc">https://recercat.cat/oai/request</request><GetRecord><record><header><identifier>oai:recercat.cat:10230/46979</identifier><datestamp>2025-12-22T13:46:56Z</datestamp><setSpec>com_2072_6</setSpec><setSpec>col_2072_452952</setSpec></header><metadata><record xmlns="http://www.loc.gov/MARC21/slim" xmlns:dcterms="http://purl.org/dc/terms/" xmlns:xsi="http://www.w3.org/2001/XMLSchema-instance" xmlns:doc="http://www.lyncode.com/xoai" xsi:schemaLocation="http://www.loc.gov/MARC21/slim http://www.loc.gov/standards/marcxml/schema/MARC21slim.xsd">
   <leader>00925njm 22002777a 4500</leader>
   <datafield ind2=" " ind1=" " tag="042">
      <subfield code="a">dc</subfield>
   </datafield>
   <datafield ind2=" " ind1=" " tag="720">
      <subfield code="a">Feixa, Carles, 1962-</subfield>
      <subfield code="e">author</subfield>
   </datafield>
   <datafield ind2=" " ind1=" " tag="260">
      <subfield code="c">2021-03-30T07:22:44Z</subfield>
   </datafield>
   <datafield ind2=" " ind1=" " tag="260">
      <subfield code="c">2021-03-30T07:22:44Z</subfield>
   </datafield>
   <datafield ind2=" " ind1=" " tag="260">
      <subfield code="c">2021</subfield>
   </datafield>
   <datafield ind2=" " ind1=" " tag="520">
      <subfield code="a">Este artículo propone el concepto de Generación ₿ (o blockchain) como paradigma para analizar los movimientos juveniles en la era de la web semántica. Partiendo de conceptualizaciones anteriores sobre la Generación @ (o arroba) y sobre la Generación # (o hashtag), se presentan el significante, el significado y los rasgos de la Generación ₿, que se ilustran con el análisis de las protestas de 2019, en el contexto del ciclo de movilizaciones de la última década. El concepto de blockchain o cadena de bloques sirve para reflexionar sobre el tipo de movimientos juveniles surgidos a la salida de la crisis de 2008, que se encadenan en bloques como táctica de resistencia frente a los poderes estatales y corporativos y como forma colaborativa de producir valor frente a la anomia social imperante.</subfield>
   </datafield>
   <datafield ind2=" " ind1=" " tag="520">
      <subfield code="a">Este artículo es el resultado de: el proyecto Transgang (2018-2022). Transnational Gangs as Agents of Mediation. Programa de Investigación e Innovación de la Unión Europea Horizon 2020, European Research Council [grant agreement nº 742705]. Proyecto Genind (2013-2016). La generación indignada: espacio, poder y cultura en los movimientos juveniles de 2011: una perspectiva transnacional. Ministerio de Economía y Competividad [CSO2012-34415]. Proyecto Actifem (2019). Activismes en femení. El discurs feminista de dones joves en grups reïvindicatius (no feministes) i en la seva quotidianitat. Agaur [2018-Ajove-00003]. Proyecto Yougeca (2019-20). Youth Global Engagement for Climate Action. Acciones de investigación en el marco de la iniciativa de Bienestar Planetario. Universitat Pompeu Fabra [PlanetaryWellbeing-2019]. Área: ciencias sociales. Subárea: interdisciplinaria, antropología</subfield>
   </datafield>
   <datafield tag="653" ind2=" " ind1=" ">
      <subfield code="a">Juventud</subfield>
   </datafield>
   <datafield tag="653" ind2=" " ind1=" ">
      <subfield code="a">Generación</subfield>
   </datafield>
   <datafield tag="653" ind2=" " ind1=" ">
      <subfield code="a">Sociedad de la información</subfield>
   </datafield>
   <datafield tag="653" ind2=" " ind1=" ">
      <subfield code="a">Movimientos juveniles</subfield>
   </datafield>
   <datafield tag="653" ind2=" " ind1=" ">
      <subfield code="a">Medios sociales</subfield>
   </datafield>
   <datafield tag="653" ind2=" " ind1=" ">
      <subfield code="a">Generación blockchain</subfield>
   </datafield>
   <datafield ind2="0" ind1="0" tag="245">
      <subfield code="a">Generación blockchain: movimientos juveniles en la era de la web semántica</subfield>
   </datafield>
</record></metadata></record></GetRecord></OAI-PMH>